<?xml version="1.0" encoding="UTF-8"?>
<record
    xmlns:xsi="http://www.w3.org/2001/XMLSchema-instance"
    xsi:schemaLocation="http://www.loc.gov/MARC21/slim http://www.loc.gov/standards/marcxml/schema/MARC21slim.xsd"
    xmlns="http://www.loc.gov/MARC21/slim">

  <leader>00493nam a2200181   4500</leader>
  <controlfield tag="005">20260420140517.0</controlfield>
  <controlfield tag="008">260420b        |||||||| |||| 00| 0 eng d</controlfield>
  <datafield tag="020" ind1=" " ind2=" ">
    <subfield code="a">978-1619542099</subfield>
  </datafield>
  <datafield tag="082" ind1=" " ind2=" ">
    <subfield code="a">387.736</subfield>
    <subfield code="b">PRA-A</subfield>
  </datafield>
  <datafield tag="100" ind1=" " ind2=" ">
    <subfield code="a">Prather, C. Daniel </subfield>
  </datafield>
  <datafield tag="245" ind1=" " ind2=" ">
    <subfield code="a">Airport Management</subfield>
  </datafield>
  <datafield tag="260" ind1=" " ind2=" ">
    <subfield code="a">Washington:</subfield>
    <subfield code="b">Aviation Supplies &amp; Academics, Inc,</subfield>
    <subfield code="c">2015</subfield>
  </datafield>
  <datafield tag="300" ind1=" " ind2=" ">
    <subfield code="a">xvi, 633p</subfield>
  </datafield>
  <datafield tag="500" ind1=" " ind2=" ">
    <subfield code="a">Includes Index.</subfield>
  </datafield>
  <datafield tag="650" ind1=" " ind2=" ">
    <subfield code="a">Management Science </subfield>
  </datafield>
  <datafield tag="650" ind1=" " ind2=" ">
    <subfield code="a">Airport United States </subfield>
  </datafield>
  <datafield tag="942" ind1=" " ind2=" ">
    <subfield code="c">BK</subfield>
  </datafield>
  <datafield tag="999" ind1=" " ind2=" ">
    <subfield code="c">47350</subfield>
    <subfield code="d">47350</subfield>
  </datafield>
  <datafield tag="952" ind1=" " ind2=" ">
    <subfield code="0">0</subfield>
    <subfield code="w">2026-04-20</subfield>
    <subfield code="1">0</subfield>
    <subfield code="4">0</subfield>
    <subfield code="7">0</subfield>
    <subfield code="8">Computer Science </subfield>
    <subfield code="a">AUMC</subfield>
    <subfield code="b">AUMC</subfield>
    <subfield code="c">Computer Science </subfield>
    <subfield code="d">2026-04-20</subfield>
    <subfield code="e">Ali book service </subfield>
    <subfield code="l">0</subfield>
    <subfield code="o">387.736 PRA-A</subfield>
    <subfield code="p">P005362</subfield>
    <subfield code="r">2026-04-20 14:05:51</subfield>
    <subfield code="y">BK</subfield>
  </datafield>
  <datafield tag="952" ind1=" " ind2=" ">
    <subfield code="0">0</subfield>
    <subfield code="w">2026-04-20</subfield>
    <subfield code="1">0</subfield>
    <subfield code="4">0</subfield>
    <subfield code="7">0</subfield>
    <subfield code="8">Management Science </subfield>
    <subfield code="a">AUMC</subfield>
    <subfield code="b">AUMC</subfield>
    <subfield code="c">Aviation Management </subfield>
    <subfield code="d">2026-04-20</subfield>
    <subfield code="e">Ali book service </subfield>
    <subfield code="l">0</subfield>
    <subfield code="o">387.736 PRA-A</subfield>
    <subfield code="p">P005361</subfield>
    <subfield code="r">2026-04-20 14:08:38</subfield>
    <subfield code="y">BK</subfield>
  </datafield>
</record>
